00917nam a2200229 a 450000100100000000500170001000800410002702000150006804000250008308200150010810000540012324500950017726000410027230000200031349000170033350000730035050000760042350400320049983000260053195201130055799900170067000004391520201002045037.0140508s1975 sp 000 0 spa d a8450069319 aDO-SdBNPbspacBNPHU axxxxbxxxx1 aAlarcón Caracuel, Manuel Ramón,d1945-97181813aEl derecho de asociación obrera en España (1839-1900) /cManuel R. Alarcón Caracuel. aMadrid :bRevista de Trabajo,c1975. a507 p ;c20 cm.1 aHistoriav16 aIncluye referencias bibliográficas y notas al pie de las páginas aIncluye datos biográficos del autor en la solapa de la contracubierta aBibliografía : p. 485-490 0aHistoria ;n16966978 001050718MOaGRbGRcCTd2014-05-08iLF1l0oxxxx xxxxp43915-10r2020-06-25w2020-06-25y1ZNo se presta c43404d43404